000 00844nam a22002297a 4500
999 _c65368
_d65368
005 20240530110821.0
008 190711s2018 sy g 000 0 ara d
017 _a2013/3343
_bمصر. دار الكتب
020 _a9789933580780
040 _aEG-CaGPL
_cEG-CaGPL
082 0 4 _221
_a729/
_bم ب
100 0 _aمسلم سقا امينى وفريقه
245 1 2 _aالبيوت الدمشقية الاثرية :
_bعرض فنى شامل /
_cمسلم سقا امينى وفريقه
250 _aط.1
260 _aدمشق :
_bدار نينوى للدراسات والنشر والتوزيع،
_c2018 .
300 _a327 ص. ؛
_c28 سم.
650 0 7 _2qrmak
_aالبيوت
_xعمارة
650 0 7 _aالمنازل
_xعمارة
_2qrmak
_zدمشق
651 _2qrmak
942 _2ddc
_cBK